000 01468nam a2200325 c 4500
003 BLK
005 20240731005407.0
008 180410b bul|||||r ||||||| ||bul||
010 _aKNG00164420000
040 _aBLK
041 _aBUL
_cBUL
072 7 _2bullib
_aС
_xСтаропечатен фонд
080 _aПолска литература
_b821.162.1
_x-34
_z821.162.1-34
100 1 _aШербюлие, Виктор
_eпърви автор
_9143241
139 _aШербюлие, Виктор
_bШ 57
245 1 0 _aЛодоиска
_bПоляшка историческа приказка
_cВиктор Шербюлие; прев. Петко Рачов Славейков.
257 _aBGR
260 Цариград
_c1868
_fЦариград : В печатницата на "Македония"
300 _a100 с.
_c19 см
380 _aX
500 _aИмето на авт. е взето от БВК, т. 1
659 _aС
700 1 _aСлавейков, Петко Рачов
_d1827-1895
_gВиден възрожд. деец, участник в борбата за църк. освобожд., просветител, писател, поет, публицист, фолклорист, политик
_eпрев.
_9121105
852 _aЦб Ст 6966 * 1001
856 4 _qpdf
_u
856 4 _qpdf
_u
942 _cKNG
_n0
_01
944 _aCR
_c27.08.2014
_k
_lCRON CRON
944 _aED
_c27.08.2014
_k
999 _c157476
_d157476